000 00373nam a2200145Ia 4500
008 230312s9999||||xx |||||||||||||| ||und||
020 _a9781259563652
082 _a004
_bOLE-C
100 _aSeries,Cashman,Shelly
245 0 _aMicrosoft Publisher 2010 : introductory
260 _bMcgraw Hill
_aUSA
_c2017
300 _a407
650 _aComputer
_vComputers
942 _cBK
999 _c17590
_d17590